Marcatori dell'Italia ai Mondiali - Germania 2006 - Statistics

Statistiche generali
  • Questo quiz è stato fatto 159 volte
  • Il punteggio medio è 11 su 12
Statistiche sulle risposte
Partita Minuto Marcatore % Corretto
Germania - Italia 0-2 (d.t.s) 121' Alessandro Del Piero
100%
Italia - Australia 1-0 95' Francesco Totti
100%
Germania - Italia 0-2 (d.t.s) 119' Fabio Grosso
98%
Repubblica Ceca - Italia 0-2 26' Marco Materazzi
97%
Italia - Francia 6-4 (d.c.r.) 19' Marco Materazzi
97%
Italia - Ghana 2-0 40' Andrea Pirlo
95%
Italia - Ucraina 3-0 59' Luca Toni
93%
Italia - Ucraina 3-0 69' Luca Toni
93%
Repubblica Ceca - Italia 0-2 87' Filippo Inzaghi
88%
Italia - Stati Uniti 1-1 22' Alberto Gilardino
84%
Italia - Ucraina 3-0 6' Gianlica Zambrotta
84%
Italia - Ghana 2-0 83' Vincenzo Iaquinta
81%
Nessun quiz corrispondente trovato
Distribuzione punteggi
Percentuale di utenti per punteggio
Percentile per numero di risposta
I tuoi punteggi nel tempo
Non hai fatto questo quiz